000 00273nam a2200109 a 4500
005 20201002053513.0
008 180426s2017 000 spa d
020 _a9789945195088
245 0 _aProyecto Quiero 4 aƱos :.
260 _aSanto Domingo,
_c2017.
999 _c46759
_d46759
040 _aDO-SdBNP